| 000 | 00460nam a2200157 a 4500 | ||
|---|---|---|---|
| 001 | 000032593 | ||
| 005 | 20200930065726.0 | ||
| 008 | 110719s1973 dr c 000 0 spa d | ||
| 040 |
_aDO-SdBNP _bspa _cBNPHU |
||
| 082 |
_axxxx _bV714s |
||
| 100 | 1 |
_aRobiou, José _958513 |
|
| 245 | 1 | 4 |
_aThe son of christ / _cJosé Robiou. |
| 260 |
_aSanto Domingo : _bCirculo Iberoamericano en la Universidad de Columbia, _c1973. |
||
| 300 |
_a169 p. ; _c19 cm. |
||
| 049 | _aBNPD | ||
| 999 |
_c32084 _d32084 |
||